Pays d'origine des touristes en Thaïlande - Statistiques

Statistiques générales
  • Ce quiz a été pris 333 fois
  • Le résultat moyen est 16 sur 20
Statistiques - réponses
Nombre de touristes Pays % Correct
10 535 955 Chine
99%
749 643 France
99%
1 123 248 Etats-Unis
97%
1 596 772 Inde
93%
1 686 100 Japon
93%
987 456 Royaume Uni
92%
1 472 949 Russie
91%
889 777 Allemagne
88%
801 637 Australie
87%
1 796 596 Corée du Sud
87%
1 027 430 Vietnam
86%
644 043 Indonésie
85%
1 750 658 Laos
84%
4 097 604 Malaisie
84%
882 015 Cambodge
82%
368 590 Birmanie
77%
432 578 Philippines
68%
1 067 309 Singapour
64%
687 701 Taïwan
54%
311 959 Suède
40%
Aucun quiz correspondant
Distribution des résultats
% des personnes avec chaque résultat
Percentile par nombre de réponses
Votre historique - résultats
Vous n’avez pas pris ce quiz